[Event "AUTO-MASTER-3291"]
[Site "http://www.queenalice.com/game.php?id=1867225"]
[Date "2025.12.18"]
[Round "1"]
[White "Fredo"]
[Black "BeatifulDevil56"]
[Result "0-1"]
[WhiteElo "2090"]
[BlackElo "2137"]

1. e4 e6 2. d4 d5 3. e5 c5 4. c3 Bd7 5. Nf3 f6 6. Bd3 c4 7. Bc2 Qa5 8. O-O Nc6
9. Nbd2 O-O-O 10. b4 Qc7 11. a4 Nh6 12. Re1 Nf7 13. Nb1 f5 14. Na3 Re8 15. Nb5
Qb8 16. Bg5 Nxg5 17. Nxg5 Nd8 18. Qh5 a6 19. Nd6+ Bxd6 20. exd6 Qxd6 21. b5 a5
22. Re3 h6 23. Nh3 g5 24. Rae1 g4 25. Bxf5 exf5 26. Rxe8 Bxe8 27. Qxf5+ Bd7 0-1

[Event "AUTO-MASTER-3291"]
[Site "http://www.queenalice.com/game.php?id=1867226"]
[Date "2025.12.18"]
[Round "1"]
[White "BeatifulDevil56"]
[Black "Fredo"]
[Result "1-0"]
[WhiteElo "2087"]
[BlackElo "2102"]

1. d4 Nf6 2. Nf3 g6 3. Bf4 Bg7 4. e3 d5 5. Bd3 O-O 6. O-O Nbd7 7. h3 Re8 8. Nc3
c6 9. Bh2 e6 10. a4 Qe7 11. a5 Nh5 12. e4 dxe4 13. Bxe4 Nhf6 14. Re1 Nd5 15.
Bxd5 cxd5 16. Nxd5 Qd8 17. Nc7 e5 18. Nxa8 e4 19. Nc7 1-0

[Event "AUTO-OPEN-4633"]
[Site "http://www.queenalice.com/game.php?id=1867751"]
[Date "2026.1.9"]
[Round "1"]
[White "SGF"]
[Black "Fredo"]
[Result "0-1"]
[WhiteElo "1750"]
[BlackElo "2087"]

1. e4 c5 2. Qf3 d6 3. Bb5+ Bd7 4. Bxd7+ Nxd7 5. c3 e5 6. d3 Ngf6 7. Bg5 Be7 8.
h4 Nf8 9. Ne2 Ne6 10. a4 Qa5 11. O-O O-O-O 12. Nd2 Qc7 13. a5 h6 14. Bxf6 gxf6
15. Nc4 f5 16. exf5 Bxh4 17. fxe6 fxe6 18. a6 b6 19. Qb7+ Qxb7 20. axb7+ Kxb7
21. f4 exf4 22. Nxf4 Rhe8 23. Ng6 Bg5 24. Rf7+ Kc6 25. Raxa7 b5 26. Na5+ Kd5 27.
c4+ bxc4 28. dxc4+ Kd4 29. Nc6+ Kxc4 30. Nxd8 Rxd8 31. Rfb7 Rg8 32. Ra4+ Kd5 33.
Ne7+ Bxe7 34. Rxe7 h5 35. Ra5 Rg4 36. Rb5 h4 37. Kh2 Re4 38. Reb7 Kd4 39. b4 c4
40. Rh5 Kc3 41. b5 Kd2 42. b6 c3 43. Rc7 Rb4 44. b7 c2 45. Rh8 Rxb7 46. Rc6 c1=Q
47. Rxd6+ Ke3 48. Rxe6+ Kf4 49. Rf6+ Kg5 50. Rf2 Qc7+ 51. Kg1 Rb1+ 52. Rf1 Qc5+
53. Kh2 Qe5+ 54. Kh3 Qg3# 0-1

[Event "AUTO-OPEN-4633"]
[Site "http://www.queenalice.com/game.php?id=1867752"]
[Date "2026.1.9"]
[Round "1"]
[White "Fredo"]
[Black "SGF"]
[Result "1-0"]
[WhiteElo "2076"]
[BlackElo "1813"]

1. d4 e6 2. c4 Qf6 3. Nf3 Be7 4. Nc3 c6 5. e4 d5 6. cxd5 exd5 7. Bg5 Qg6 8. Bxe7
Nxe7 9. Ne5 Qf6 10. Bd3 h5 11. Qb3 a5 12. O-O dxe4 13. Nxe4 Qe6 14. Bc4 a4 15.
Bxe6 axb3 16. Bxf7+ Kf8 17. axb3 Rxa1 18. Rxa1 Na6 19. Bc4 b5 20. Bd3 Nb4 21.
Bb1 g6 22. Ra8 Kg7 23. Nd6 Rd8 24. Nxc8 Rxd4 25. g3 Nxc8 26. Bxg6 Ne7 27. Bxh5
Kf6 28. f4 c5 29. Rf8+ Kg7 30. Rf7+ Kh6 31. Be2 Rd2 32. Rxe7 Nd5 33. Re6+ Kg7
34. Rg6+ Kh7 35. Bxb5 Rxb2 36. Bc4 Ne3 37. Rc6 Nxc4 38. bxc4 Rb1+ 39. Kf2 Rb2+
40. Kf3 Rxh2 41. Rxc5 Rh1 42. Rc6 Kg7 43. c5 Rf1+ 44. Kg4 Kf8 45. Rc7 Ke8 46.
Kg5 Kd8 47. Rd7+ Kc8 48. c6 Rc1 49. Rh7 Kd8 50. f5 Rc5 51. c7+ Rxc7 52. Rh8+ Ke7
53. f6+ Ke6 54. f7 Rxf7 55. Nxf7 Kxf7 56. Rh6 Kg7 57. g4 Kf7 58. Kf5 Kg7 59. g5
Kf7 60. Rh7+ Ke8 61. Kf6 Kf8 62. g6 Kg8 63. Ra7 Kf8 64. Ra8# 1-0

[Event "AUTO-OPEN-4633"]
[Site "http://www.queenalice.com/game.php?id=1867777"]
[Date "2026.1.9"]
[Round "1"]
[White "Fredo"]
[Black "IranSilva"]
[Result "0-1"]
[WhiteElo "2081"]
[BlackElo "2145"]

1. d4 d5 2. e3 Nf6 3. c4 e6 4. Nf3 Bb4+ 5. Nc3 Ne4 6. Qc2 O-O 7. Bd3 f5 8. O-O
Bxc3 9. bxc3 Nc6 10. cxd5 exd5 11. c4 Nb4 12. Qb3 Nxd3 13. Qxd3 Be6 14. Ba3 dxc4
15. Qc2 Bd5 16. Bxf8 Qxf8 17. Ne5 Qe7 18. f3 Nd6 19. Rae1 Nf7 20. Nxc4 Qb4 21.
Nb2 g6 22. Nd3 Qd6 23. a4 a5 24. Rc1 c6 25. Nf4 Nd8 26. Nxd5 Qxd5 27. Qc4 Qxc4
28. Rxc4 Ne6 29. Rfc1 Nc7 30. Kf2 Nd5 31. e4 fxe4 32. fxe4 Rf8+ 33. Kg1 Nb4 34.
Rf1 Re8 35. e5 Nd5 36. Rcc1 Re7 37. g3 Rd7 38. Rf3 Nb6 39. Rd1 Nxa4 40. e6 Re7
41. Re3 Nb6 42. Ra1 Nd5 43. Re5 b6 44. Rc1 Nb4 45. Rc3 b5 46. Kf2 Kg7 47. Rf3 a4
48. Ke2 Nc2 49. Kd3 Nb4+ 50. Kc3 Nd5+ 51. Kb2 Nc7 52. Rfe3 Kf6 53. Rf3+ Kg7 54.
Rc3 Rxe6 55. Rxe6 Nxe6 56. Rxc6 Nxd4 57. Rb6 h5 58. Kc3 Nf3 59. Rxb5 Nxh2 60.
Kb4 Nf1 61. Kxa4 Nxg3 62. Kb3 h4 63. Rg5 Kf6 64. Rc5 h3 0-1

[Event "AUTO-OPEN-4633"]
[Site "http://www.queenalice.com/game.php?id=1867778"]
[Date "2026.1.9"]
[Round "1"]
[White "IranSilva"]
[Black "Fredo"]
[Result "1/2-1/2"]
[WhiteElo "2237"]
[BlackElo "2087"]

1. Nf3 Nf6 2. g3 g6 3. Bg2 Bg7 4. c4 O-O 5. Nc3 c5 6. d3 Nc6 7. O-O Re8 8. e4 e5
9. Bg5 Qe7 10. Nd5 Qd8 11. Bxf6 Bxf6 12. Nxf6+ Qxf6 13. h3 d6 14. Kh2 Bd7 15. a3
Nd4 16. Nxd4 exd4 17. f4 Rab8 18. a4 b6 19. a5 b5 20. b3 a6 21. b4 bxc4 22. e5
dxe5 23. fxe5 Qxe5 24. bxc5 Qxc5 25. dxc4 Qxc4 26. Rc1 Qa2 27. Rc2 Qa4 28. Qd2
Bf5 29. Rc5 Rbc8 30. Rfc1 Rxc5 31. Rxc5 d3 32. Qg5 Be6 33. h4 Qg4 34. Qh6 d2 35.
Qxd2 Bf5 36. Rc7 Be4 37. Rc4 Qf5 38. Bxe4 Rxe4 39. Rxe4 Qxe4 40. Qd8+ Kg7 41.
Qb6 Qe2+ 42. Kh3 Qf1+ 43. Kh2 h5 44. Qd4+ Kg8 45. Qd8+ Kg7 46. Qd4+ Qf6 47. Qb6
Qf1 48. Qd4+ 1/2-1/2

[Event "AUTO-OPEN-4640"]
[Site "http://www.queenalice.com/game.php?id=1869653"]
[Date "2026.2.22"]
[Round "1"]
[White "Fredo"]
[Black "chessman"]
[Result "0-1"]
[WhiteElo "2103"]
[BlackElo "1992"]

1. e4 e6 2. d4 d5 3. e5 c5 4. c3 cxd4 5. cxd4 Nc6 6. Nf3 Qb6 7. Nc3 Bb4 8. Be3
Nge7 9. Be2 Nf5 10. O-O Nxe3 11. fxe3 O-O 12. Bd3 Bd7 13. Ng5 h6 14. Qh5 Nxe5
15. Bc2 f5 16. Nxe6 Bxe6 17. dxe5 Qxe3+ 18. Rf2 Qxe5 19. Re2 Qd4+ 20. Kh1 Bd7
21. Rae1 Bxc3 22. bxc3 Qxc3 23. Bb3 Bc6 24. Qg6 Rf6 25. Qh5 Kh7 26. Re3 Qc5 27.
R3e2 Raf8 28. Re5 a5 29. Qd1 Rd8 30. Qd3 Qf8 31. Rf1 b5 32. Bxd5 Qd6 33. Rfxf5
g6 34. Rxf6 Qxf6 35. Re1 Bxd5 36. Qxb5 Qf2 37. Re7+ Kg8 38. Re8+ Rxe8 39. Qxe8+
Kg7 40. Qe7+ Qf7 41. Qe5+ Kh7 42. h3 Qf1+ 43. Kh2 Qxg2# 0-1

[Event "AUTO-OPEN-4640"]
[Site "http://www.queenalice.com/game.php?id=1869654"]
[Date "2026.2.22"]
[Round "1"]
[White "chessman"]
[Black "Fredo"]
[Result "0-1"]
[WhiteElo "2038"]
[BlackElo "2065"]

1. e4 c5 2. Nf3 d6 3. Bb5+ Bd7 4. Bxd7+ Nxd7 5. O-O e5 6. c3 Ngf6 7. Re1 Be7 8.
d4 cxd4 9. cxd4 O-O 10. dxe5 dxe5 11. Nc3 Re8 12. Bg5 a6 13. Bxf6 Bxf6 14. Nd5
Qa5 15. b4 Qd8 16. Qe2 Nb6 17. Rad1 Nxd5 18. Rxd5 Qc7 19. Red1 Rad8 20. a3 h6
21. h3 Rxd5 22. exd5 e4 23. Nd4 Qc3 24. Nc2 Qe5 25. Ne3 Be7 26. d6 Bxd6 27. Nc4
Qh2+ 28. Kf1 Qh1# 0-1

[Event "AUTO-MASTER-3297"]
[Site "http://www.queenalice.com/game.php?id=1869756"]
[Date "2026.2.25"]
[Round "1"]
[White "chessman"]
[Black "Fredo"]
[Result "1-0"]
[WhiteElo "1998"]
[BlackElo "2084"]

1. e4 c5 2. Nf3 d6 3. Bb5+ Bd7 4. Bxd7+ Qxd7 5. O-O Nc6 6. Re1 Nf6 7. c3 e6 8.
d4 cxd4 9. cxd4 Be7 10. Nc3 O-O 11. Qe2 Rac8 12. h3 a6 13. a3 Na5 14. Bg5 Nc4
15. Rab1 b5 16. e5 dxe5 17. dxe5 Nd5 18. Bxe7 Nxe7 19. Rbd1 Qc7 20. Rc1 Nf5 21.
Red1 Qe7 22. g4 Nh4 23. Nxh4 Qxh4 24. Kg2 Qg5 25. Re1 h6 26. Kg3 Rfd8 27. h4 Qg6
28. Red1 h5 29. f3 hxg4 30. fxg4 Qh6 31. a4 Qe3+ 32. Qxe3 Nxe3 33. Rxd8+ Rxd8
34. axb5 axb5 35. Nxb5 Rb8 36. Rc5 Nc4 37. b3 Nd2 38. Nd6 Rxb3+ 39. Kg2 Rb8 40.
Rc2 Nb1 41. Rc8+ Rxc8 42. Nxc8 Na3 43. Kf3 Nc4 44. Ke4 Kf8 45. h5 Ke8 46. g5 Kd7
47. h6 1-0

[Event "AUTO-MASTER-3297"]
[Site "http://www.queenalice.com/game.php?id=1869757"]
[Date "2026.2.25"]
[Round "1"]
[White "Fredo"]
[Black "chessman"]
[Result "1-0"]
[WhiteElo "2091"]
[BlackElo "2005"]

1. e4 e6 2. d4 d5 3. e5 c5 4. c3 Nc6 5. Nf3 Qb6 6. Be2 cxd4 7. cxd4 Bd7 8. O-O
Nge7 9. Na3 Ng6 10. h4 Bxa3 11. bxa3 Rc8 12. h5 Nge7 13. g4 f5 14. gxf5 Nxf5 15.
Be3 Nxe3 16. fxe3 O-O 17. Qd3 Qd8 18. Kh1 a6 19. Rg1 Rf5 20. Nh2 Rf2 21. Raf1
Rxf1 22. Rxf1 Na5 23. h6 Bb5 24. Qd2 Bxe2 25. Qxe2 g6 26. Qf2 Qf8 27. Qh4 Qe8
28. Ng4 Qd8 29. Nf6+ Kh8 30. Qf4 Qf8 31. Qh4 Rc2 32. Qh3 Qe7 33. Qf3 Rxa2 34.
Rc1 Nc4 35. Rf1 b5 36. Qf4 a5 37. Nxd5 1-0